000 00904nam a2200253Ia 4500
003 OSt
005 20211116160908.0
008 210310s2007 eu aodbfr 000 0 eng d
020 _a9780821368565
040 _aCO-JMCR
_cCO-JMCR
041 0 _aeng
082 0 4 _a338.9 /
_bW927a
_223
100 1 _aThe World Bank
_918206
_eautor
245 1 0 _aAtlas of global development /
_cThe World Bank
250 _aFirst published
260 _aWashington, D.C. :
_bCollins,
_c2007
300 _a144 páginas :
_bilustraciones, fotografías, gráficas y mapas a color ;
_c25 cm.
505 0 _aClassification of economies -- Rich and poor -- People -- Education-- Health -- Economy -- Environment -- Statistics
650 1 4 _aDesarrollo económico
_918225
650 2 4 _aIndicadores económicos
_941539
650 2 4 _aIndicadores ambientales
_939985
650 2 4 _aPaíses en desarrollo
_92059
942 _2ddc
_cBK
999 _c8765
_d8765